Mimézis mint az elme meghosszabbítása

Elmentve itt :
Bibliográfiai részletek
Szerző: Tóth Péter
Dokumentumtípus: Könyv része
Megjelent: JATE Press Szegedi Egyetemi Kiadó Szeged 2020
Sorozat:Ütközéspontok VI.
Tárgyszavak:
mtmt:31604943
Online Access:http://publicatio.bibl.u-szeged.hu/24627
LEADER 00846naa a2200229 i 4500
001 publ24627
005 20220630084321.0
008 220630s2020 hu o 0|| Magyar d
020 |a 9789633154236 
024 7 |a 31604943  |2 mtmt 
040 |a SZTE Publicatio Repozitórium  |b hun 
041 |a Magyar 
100 1 |a Tóth Péter 
245 1 0 |a Mimézis mint az elme meghosszabbítása  |h [elektronikus dokumentum] /  |c  Tóth Péter 
260 |a JATE Press Szegedi Egyetemi Kiadó  |b Szeged  |c 2020 
300 |a 12 
300 |a 160-171 
490 0 |a Ütközéspontok VI. 
650 4 |a Filozófia, etika és vallástudományok 
650 4 |a Elmefilozófia, ismeretelmélet, logika 
650 4 |a Vallástudományok 
856 4 0 |u http://publicatio.bibl.u-szeged.hu/24627/1/TP_Mimezismintazelmemeghosszabitasa_Utkozespontok_VI_konferenciakotet.pdf  |z Dokumentum-elérés